| 000 | 00742nam a2200193Ia 4500 | ||
|---|---|---|---|
| 008 | 0000001999 usa 0000000000eng00 | ||
| 090 | _aPUS00 D27v1 | ||
| 100 | 1 |
_aDesiderio, Vincent _d1955 |
|
| 245 | 1 | 0 |
_aVincent Desiderio _b: works on paper |
| 300 |
_a[8] p. _c/ 15 cm. |
||
| 500 | _aExposición realizada en Marlborough, New York, Enero 14 Febrero 13, 1999 \ Con el patronazgo del maestro venezolano Jesús Rafael Soto (q.e.p.d.) \ | ||
| 600 | 0 | 0 |
_aDESIDERIO, VINCENT, 1955/ _xTRABAJOS PICTORICOS |
| 650 | 1 | 4 | _aARTE CONTEMPORANEO ESTADOUNIDENSE |
| 650 | 1 | 4 | _xCATALOGOS |
| 650 | 1 | 4 | _xEXPOSICIONES |
| 650 | 1 | 4 | _aPINTORES ESTADOUNIDENSES |
| 650 | 1 | 4 | _aPINTURA ESTADOUNIDENSE |
| 999 |
_c5208 _d5208 |
||
| 260 |
_aNew York : Marlborough _c1999 |
||